000 00317nam a22001337a 4500
008 170615b xxu||||| |||| 00| 0 eng d
020 _a9780205503476
041 _aeng
080 _a32
100 _a19
101 _aSHP
245 _aSOCIAL WELFARE POLITICS NAD PUBLIC POLICY
_cDINITO.D.M
942 _2udc
_cBK
999 _c17624
_d17624